=LDR 00000nam 2200000 4500 =001 INLIS000000000026907 =005 20130612125325 =008 ***********************************Ind** =035 ##$$0010-061300000026907 =041 ##$$a Ind =082 ##$$a 808.83 =090 ##$$a 808.83, Bar s =100 ##$$a Barmawi, Tora =245 ##$$a Siapa bilang kawin itu enak, Tria Barmawi =260 ##$$a 2007 $b Jakarta =300 ##$$a 169 hlm, 20 cm =650 ##$$a Cerita pendek, Kumpulan =850 ##$$a NBPNMAT =990 ##$$a 21242124 =990 ##$$a 20705458